000 01785nam0a2200373 4500
001 RU\NLR\bibl\1725940
005 20260405202948.0
021 _aRU
_b2010-99429
_96716
035 _a(nilc)RSL-KNO-004864665
035 _a(NLR Aleph) 001716910
090 _a1315255
_c1315255
100 _a20110120d2009 |||y0rusy50 ca
101 0 _arus
102 _aRU
105 _ay |||||||||
200 1 _aМетоды оптимизации цепей поставок и повышения их надежности
_fА. Ю. Болотов, Н. Н. Комаров
_gФедеральное агентство по техническому регулированию и метрологии, Федеральное гос. унитарное предприятие "Российский научно-технический центр информации по стандартизации, метрологии и оценке соответствия"
205 _aПрепринт
210 _aМосква
_cСтандартинформ
_d2009
215 _a14 с.
_d21
320 _aБиблиогр.: с. 14 (5 назв.)
606 1 _aПоставки товаров
_xРеорганизация
_92321902
_3RU\NLR\auth\661389040
610 0 _aцепи поставок
686 _aУ530.1-59-21,0
_2rubbk
686 _aУ42(0)1-803.1
686 _aУ41(0)-212
700 1 _aБолотов
_bА. Ю.
_gАндрей Юрьевич
_4070
701 1 _4070
_7ca
_8rus
_aКомаров
_bН. Н.
_cканд. экон. наук
_gНиколай Николаевич
_973325
_3RU\NLR\AUTH\7790398
801 0 _aRU
_bRuMoRGB
_c20101227
_grcr
801 1 _aRU
_bRuMoRGB
_c20101227
801 2 _aRU
_bNLR
_c20110120
_grcr
942 _cBOOK
980 _aNB